01216 2200241 4500001002100000005001500021035002000036007000300056008004100059020002200100082000800122084001400130100003300144245012200177300004200299650003600341336002100377337003000398338002300428264002800451520047800479990001700957INLIS00000000150483520260624091425 a0010-0626000030ta260624 g 0 ind  a978-602-19308-2-3 a415 a415 HEN m0 aHeny SulistyowatiePengarang1 aMengenal Struktur Atributif Frasa :bPengantar Tentang Pemahaman Struktur Frasa Bahasa Indonesia /cHeny Sulistyowati ax, 88 halaman. :bilustrasi ;c23 cm. 4aBahasa Indonesia -- tata bahasa 2rdacontentateks 2rdamediaatanpa perantara 2rdacarrieravolume aMalang :bMadani,c2012 aKaidah bahasaindonesia baik fonologis, morfologis ,maupun sintaksis perlu selalu disesuaikan dengan perkembangan bahasa indonesia. Untuk itu, kajian-kajian berbagai sendi bahasa indonesia senantiasa dibutuhkan. Kajian ihwal struktur atributifbahasa Indonesia ini mengisi kebutuhan yang dimaksud. Kajian yang tertuang di buku ini sangat baik bagi dunia linguistik Indonesia.Pasalnya, kajian ini dapat memenuhi sebagian kebutuhan kodifikasi kaidah sinteksis bahasa Indonesia. a2022/HD/0510